Music Quiz

Random Music or Lyrics Quiz

More Jobs In Song Lyrics Quiz Stats

 Plays Quiz Updated Oct 27, 2015

Challenge
Share
Tweet
Embed
Score 0/30 Timer 09:00
0 Plays Today
% Correct
teacher
90.1%
tailor
76.6%
barber
76%
warden
70.5%
waitress
65.7%
dancer
62.1%
preacher
60%
spy
58.2%
sculptor
56.6%
soldier
56.4%
cowboy
52.4%
conductor
52.2%
novelist
51.3%
servant
50.9%
cook
50.2%
% Correct
cop
45.6%
musician
44.9%
nurse
44.1%
lawyer
43.3%
actor
42.6%
artist
41%
bartender
40.4%
deejay
40%
dentist
37.4%
miner
36.7%
undertaker
35.5%
priest
35.1%
doctor
31.5%
secretary
31.3%
clown
27.9%

You're not logged in!

Compare scores with friends on all Sporcle quizzes.
Join for Free
OR
Log In

You Might Also Like...

Show Comments

Extras

Top Quizzes Today


Score Distribution

Your Account Isn't Verified!

In order to create a playlist on Sporcle, you need to verify the email address you used during registration. Go to your Sporcle Settings to finish the process.

Report this User

Report this user for behavior that violates our Community Guidelines.

Details: